2000 genel nüfus sayımı (Record no. 8816)
[ view plain ]
| 000 -BAŞLIK | |
|---|---|
| Sabit Uzunlukta Kontrol Alanı | 01351na a2200325 4500 |
| 001 - KONTROL NUMARASI | |
| Denetim Alanı | 14707 |
| 003 - KONTROL NUMARASI IDENTIFIER | |
| Denetim Alanı | MIRAKIL |
| 005 - SON İŞLEM TARİHİ VE ZAMANI | |
| Denetim Alanı | 20181213155225.0 |
| 008 - SABİT-BOY VERİ ELEMANLARI - GENEL BİLGİLER | |
| Sabit Uzunlukta Kontrol Alanı | 160923b tu 000 0 |
| 020 ## - ULUSLARARASI STANDART KİTAP NUMARASI | |
| Uluslararası Standart Kitap Numarası | 9751933382 |
| 035 ## - SİSTEM KONTROL NUMARASI | |
| Sistem Kontrol Numarası | 14707 |
| 040 ## - KATALOGLAMA KAYNAK | |
| Orijinal Kataloglama Ajansı | Milas |
| Kataloglama Dili | tur |
| Metne Dönüştürmek Ajansı | TR-AnCHP |
| 082 ## - DEWEY ONLU SINIFLANDIRMA NUMARASI | |
| Sınıflandırma Numarası | 304.6021 2000 TÜRKİYE |
| Ürün Numarası | T95g 2003 |
| 090 ## - SINIFLAMA NUMARASI | |
| Sınıflama Numarası | 304.6021 2000 TÜRKİYE T95g 2003 |
| 110 ## - ANA GİRİŞ - KURUMSAL ADI | |
| Giriş Elemanı Olarak Kurumsal Ad Veya Yargı Alanı Adı | Türkiye İstatistik Kurumu (TÜİK) |
| 222 ## - ANAHTAR ADI | |
| Anahtar Başlık | Genel nüfus sayımı |
| 245 ## - BAŞLIK TABLOSU | |
| Başlık | 2000 genel nüfus sayımı |
| Başlığın Kalan | nüfusun sosyal ve ekonomik nitelikleri = 2000 census of population : social and economic characteristics of population |
| Sorumluluk Tablosu, Vb | Devlet İstatistik Enstitüsü |
| 246 ## - UNVAN FORM VARYING | |
| Başlık Doğru / Kısa Başlığı | Nüfusun sosyal ve ekonomik nitelikleri |
| 246 ## - UNVAN FORM VARYING | |
| Başlık Doğru / Kısa Başlığı | 2000 census of population : social and economic characteristics of population |
| 260 ## - YAYIN, DAĞITIM, VB | |
| Yayın, Dağıtım, Vb Yeri | Ankara |
| Yayıncı, Dağıtıcı, Vs Adı | Devlet İstatistik Enstitüsü (DİE) |
| Yayın, Dağıtım, Vb Tarihi | 2003 |
| 300 ## - FİZİKSEL TANIM | |
| Kapsam | xv, 305, [12] s. |
| Diğer Fiziksel Ayrıntıları | grf., tbl. |
| Boyutlar | 29 sm. |
| 500 ## - GENEL NOT | |
| Genel Not | Metinler Türkçe-İngilizce karşılıklıdır. |
| 500 ## - GENEL NOT | |
| Genel Not | Kurumun yeni adı: Türkiye İstatistik Kurumu (TÜİK) |
| 650 ## - KONU KATMA GİRİŞ - TOPİKAL DÖNEM | |
| Topikal Süreli Veya Coğrafi Ad Giriş Elemanı | Sosyo ekonomik göstergeler |
| Genel Alt Bölümü | 2000 |
| Coğrafi Alt Bölümü | Türkiye |
| 650 ## - KONU KATMA GİRİŞ - TOPİKAL DÖNEM | |
| Topikal Süreli Veya Coğrafi Ad Giriş Elemanı | Nüfus sayımları |
| Genel Alt Bölümü | 2000 |
| Coğrafi Alt Bölümü | Türkiye |
| 651 ## - KONU KATMA GİRİŞ - COĞRAFİ ADI | |
| Coğrafi İsim | Türkiye |
| Genel Alt Bölümü | Ekonomik durum |
| Kronolojik Alt Bölümü | İstatistikler |
| 651 ## - KONU KATMA GİRİŞ - COĞRAFİ ADI | |
| Coğrafi İsim | Türkiye |
| Genel Alt Bölümü | Sosyal durum |
| Kronolojik Alt Bölümü | İstatistikler |
| 651 ## - KONU KATMA GİRİŞ - COĞRAFİ ADI | |
| Coğrafi İsim | Türkiye |
| Genel Alt Bölümü | Nüfus sayımı, 2000 |
| 942 ## - EKLENDİ GİRİŞ ELEMANLARI (KOHA) | |
| Sınıflandırma Veya Raf Düzeni Kaynak | Dewey Decimal Classification |
| Koha Öğesi Türü | Books |
| 999 ## - SİSTEM KONTROL NUMARALARI (KOHA) | |
| Koha Biblionumber | 8816 |
| Koha Biblioitemnumber | 8816 |
| Kalıcı Konum | Mevcut Konum | Edinme Tarihi | Edinim Kaynak | Toplam Check-Out'Lar | Tam Çağrı Numarası | Barkod | Tarih Son Görülme | İtibaren Geçerli Fiyatlar | Koha Öğesi Türü | Seri Numaralandırma / Kronolojik | Kopya Sayısı |
|---|---|---|---|---|---|---|---|---|---|---|---|
| CHP Kütüphanesi | CHP Kütüphanesi | 08/30/2016 | Bağış | 304.6021 2000 TÜRKİYE T95g 2003 | 003035 | 08/30/2016 | 08/30/2016 | Books | |||
| CHP Kütüphanesi | CHP Kütüphanesi | 08/30/2016 | Bağış | 304.6021 2000 TÜRKİYE T95g 2003 | 003036 | 08/30/2016 | 08/30/2016 | Books | c.0 | k.2 |
